Magnolia Wu unfolds it all / (Record no. 404256)
[ view plain ]
| 000 -LEADER | |
|---|---|
| fixed length control field | 01858aam a2200469 i 4500 |
| 001 - CONTROL NUMBER | |
| control field | on1398278721 |
| 003 - CONTROL NUMBER IDENTIFIER | |
| control field | OCoLC |
| 005 - DATE AND TIME OF LATEST TRANSACTION | |
| control field | 20260205142141.0 |
| 008 - FIXED-LENGTH DATA ELEMENTS--GENERAL INFORMATION | |
| fixed length control field | 230921s2024 nyua c 000 1 eng d |
| 020 ## - INTERNATIONAL STANDARD BOOK NUMBER | |
| International Standard Book Number | 9780593624524 |
| Qualifying information | (hardcover) |
| 020 ## - INTERNATIONAL STANDARD BOOK NUMBER | |
| International Standard Book Number | 0593624521 |
| Qualifying information | (hardcover) |
| 035 ## - SYSTEM CONTROL NUMBER | |
| System control number | (OCoLC)1398278721 |
| 040 ## - CATALOGING SOURCE | |
| Original cataloging agency | YDX |
| Language of cataloging | eng |
| Description conventions | rda |
| Transcribing agency | YDX |
| Modifying agency | OCLCO |
| -- | BDX |
| -- | IG$ |
| -- | TnLvILS |
| 043 ## - GEOGRAPHIC AREA CODE | |
| Geographic area code | n-us-ny |
| 092 ## - LOCALLY ASSIGNED DEWEY CALL NUMBER (OCLC) | |
| Classification number | junior newbery |
| Item number | Miller |
| 100 1# - MAIN ENTRY--PERSONAL NAME | |
| Personal name | Miller, Chanel, |
| Relator term | author. |
| 9 (RLIN) | 5809127 |
| 245 10 - TITLE STATEMENT | |
| Title | Magnolia Wu unfolds it all / |
| Statement of responsibility, etc | Chanel Miller. |
| 264 #1 - Production, Publication, Distribution, Manufacture, and Copyright Notice. | |
| Place of production, publication, distribution, manufacture | New York, NY : |
| Name of producer, publisher, distributor, manufacturer | Philomel Books, |
| Date of production, publication, distribution, manufacture, or copyr | [2024] |
| 300 ## - PHYSICAL DESCRIPTION | |
| Extent | 160 page : |
| Other physical details | illustrations ; |
| Dimensions | 21 cm. |
| 336 ## - Content Type | |
| Content type term | text |
| 337 ## - Media type | |
| Media type term | unmediated |
| 338 ## - Carrier type | |
| Carrier type term | volume |
| 490 ## - SERIES STATEMENT | |
| Series statement | Newbery |
| 520 ## - SUMMARY, ETC. | |
| Summary, etc | New York Times bestselling author and artist Chanel Miller tells a fun, funny, and poignant story of friendship and community starring Magnolia Wu, a ten-year-old sock detective bent on returning all the lonely only socks left behind in her parents' NYC laundromat. |
| 521 1# - TARGET AUDIENCE NOTE | |
| Target audience note | 07-11. |
| 586 ## - AWARDS NOTE | |
| Awards note | Newbery Honor Book, 2025. |
| 650 ## - SUBJECT ADDED ENTRY--TOPICAL TERM | |
| Topical term or geographic name as entry element | Newbery Medal |
| 650 #0 - SUBJECT ADDED ENTRY--TOPICAL TERM | |
| Topical term or geographic name as entry element | Socks |
| Form subdivision | Juvenile fiction. |
| 9 (RLIN) | 6442572 |
| 650 #0 - SUBJECT ADDED ENTRY--TOPICAL TERM | |
| Topical term or geographic name as entry element | Newbery Award. |
| 9 (RLIN) | 6483813 |
| 650 #0 - SUBJECT ADDED ENTRY--TOPICAL TERM | |
| Topical term or geographic name as entry element | Laundry |
| Form subdivision | Juvenile fiction. |
| 9 (RLIN) | 5724279 |
| 650 #0 - SUBJECT ADDED ENTRY--TOPICAL TERM | |
| Topical term or geographic name as entry element | Self-service laundries |
| Form subdivision | Juvenile fiction. |
| 9 (RLIN) | 6538436 |
| 650 #0 - SUBJECT ADDED ENTRY--TOPICAL TERM | |
| Topical term or geographic name as entry element | Friendship |
| Form subdivision | Juvenile fiction. |
| 9 (RLIN) | 5673647 |
| 650 #1 - SUBJECT ADDED ENTRY--TOPICAL TERM | |
| Topical term or geographic name as entry element | Socks |
| Form subdivision | Fiction. |
| 9 (RLIN) | 6422841 |
| 650 #1 - SUBJECT ADDED ENTRY--TOPICAL TERM | |
| Topical term or geographic name as entry element | Laundry |
| Form subdivision | Fiction. |
| 9 (RLIN) | 5724278 |
| 650 #1 - SUBJECT ADDED ENTRY--TOPICAL TERM | |
| Topical term or geographic name as entry element | Self-service laundries |
| Form subdivision | Fiction. |
| 9 (RLIN) | 6510806 |
| 650 #1 - SUBJECT ADDED ENTRY--TOPICAL TERM | |
| Topical term or geographic name as entry element | Friendship |
| Form subdivision | Fiction. |
| 9 (RLIN) | 5673769 |
| 651 #0 - SUBJECT ADDED ENTRY--GEOGRAPHIC NAME | |
| Geographic name | New York (N.Y.) |
| Form subdivision | Juvenile fiction. |
| 9 (RLIN) | 5679146 |
| 651 #1 - SUBJECT ADDED ENTRY--GEOGRAPHIC NAME | |
| Geographic name | New York (N.Y.) |
| Form subdivision | Fiction. |
| 9 (RLIN) | 5673704 |
| 655 #7 - INDEX TERM--GENRE/FORM | |
| Genre/form data or focus term | Detective and mystery fiction. |
| Source of term | lcgft. |
| 9 (RLIN) | 5683641 |
| 655 #7 - INDEX TERM--GENRE/FORM | |
| Genre/form data or focus term | Humorous fiction. |
| Source of term | lcgft. |
| 942 ## - ADDED ENTRY ELEMENTS (KOHA) | |
| Source of classification or shelving scheme | Dewey Decimal Classification |
| Koha item type | BOOK |
| Withdrawn status | Lost status | Source of classification or shelving scheme | Damaged status | Not for loan | Collection code | Home library | Current library | Shelving location | Date acquired | Source of acquisition | Total Checkouts | Total Renewals | Full call number | Barcode | Checked out | Date last seen | Date checked out | Cost, replacement price | Price effective from | Koha item type |
|---|---|---|---|---|---|---|---|---|---|---|---|---|---|---|---|---|---|---|---|---|
| Dewey Decimal Classification | Junior Fiction | Wasatch County Library | Wasatch County Library | Main Floor Junior Area | 02/07/2025 | Amazon | 2 | 3 | J Miller | 34301002145409 | 04/07/2026 | 02/06/2026 | 02/06/2026 | 17.99 | 02/07/2025 | BOOK |
